Manual de energía eólica : Investigación, diseño, promoción, construcción y explotación de distinto tipo de instalaciones (Registro nro. 854)
[ vista simple ]
| 000 -LEADER | |
|---|---|
| fixed length control field | 00695nam a2200241Ia 4500 |
| 005 - DATE AND TIME OF LATEST TRANSACTION | |
| control field | 20251020182451.0 |
| 008 - FIXED-LENGTH DATA ELEMENTS--GENERAL INFORMATION | |
| fixed length control field | 200515s9999 xx 000 0 und d |
| 020 ## - INTERNATIONAL STANDARD BOOK NUMBER | |
| International Standard Book Number | 84-8476-165-7 |
| 082 ## - DEWEY DECIMAL CLASSIFICATION NUMBER | |
| Classification number | 621.223/E81 |
| 100 ## - MAIN ENTRY--PERSONAL NAME | |
| Personal name | Escudero López, José María |
| 245 #0 - TITLE STATEMENT | |
| Title | Manual de energía eólica : Investigación, diseño, promoción, construcción y explotación de distinto tipo de instalaciones |
| 260 ## - PUBLICATION, DISTRIBUTION, ETC. | |
| Place of publication, distribution, etc. | Madrid |
| 260 ## - PUBLICATION, DISTRIBUTION, ETC. | |
| Name of publisher, distributor, etc. | Mundi-Prensa |
| 260 ## - PUBLICATION, DISTRIBUTION, ETC. | |
| Date of publication, distribution, etc. | 2003 |
| 300 ## - PHYSICAL DESCRIPTION | |
| Extent | 471 p. |
| 300 ## - PHYSICAL DESCRIPTION | |
| Other physical details | il., tbl., graf. |
| 490 ## - SERIES STATEMENT | |
| Series statement | Colección energías renovables |
| 500 ## - GENERAL NOTE | |
| General note | 1 ejemplar |
| 650 ## - SUBJECT ADDED ENTRY--TOPICAL TERM | |
| Topical term or geographic name entry element | ENERGIA EOLICA |
| 650 ## - SUBJECT ADDED ENTRY--TOPICAL TERM | |
| Topical term or geographic name entry element | ENERGIAS RENOVABLES |
| 942 ## - ADDED ENTRY ELEMENTS (KOHA) | |
| Koha item type | Libros |
| Fecha de la última vez que lo usaron | Pago total | Signatura topográfica completa | Código de barras | Precio efectivo desde | Tipo de documento | Estado perdido | Estado dañado | No es para préstamo | Retirado | Ubicación permanente | Ubicación actual | Fecha de adquisición |
|---|---|---|---|---|---|---|---|---|---|---|---|---|
| 15/05/2020 | 621.223/E81 | Bib-Lima15050854 | 15/05/2020 | Libros | Biblioteca Central Lima | Biblioteca Central Lima | 15/05/2020 |